[Event "SRB-chT 2nd League West"]
[Site "Kragujevac"]
[Date "2019.10.04"]
[Round "7.8"]
[White "Mijalkovic, Zvezdan"]
[Black "Jovic, Slavko"]
[Result "0-1"]
[WhiteElo "1335"]
[BlackElo "1972"]
[PlyCount "56"]
[EventDate "2019.09.06"]
[EventType "team-tourn"]
[EventRounds "11"]
[EventCountry "SRB"]
[SourceTitle "EXT 2020"]
[Source "ChessBase"]
[SourceDate "2019.10.17"]
[SourceVersion "1"]
[SourceVersionDate "2019.10.17"]
[SourceQuality "1"]
[WhiteTeam "Razanj"]
[BlackTeam "Ivanjica"]
[WhiteTeamCountry "SRB"]
[BlackTeamCountry "SRB"]

1. e4 c5 2. Nf3 e6 3. d4 cxd4 4. Nxd4 Nf6 5. Nc3 Nc6 6. Bg5 Qa5 7. Bxf6 gxf6 8. Ndb5 Bc5 9. Nd6+ Ke7 10. Nc4 Qc7 11. Qd2 a6 12. g3 Ne5 13. Nxe5 Qxe5 14. f4 Qc7 15. Bg2 Rb8 16. 0-0-0 b5 17. a3 b4 18. axb4 Rxb4 19. Nb1 Qb6 20. Qc3 Be3+ 21. Nd2 Bd4 22. Nc4 Bxc3 23. Nxb6 Bxb2+ 24. Kd2 Rxb6 25. Rb1 Bd4 26. Rbd1 Bb7 27. Ke2 Bc5 28. Rd3 Rc8 0-1

[Event "SRB-chT 2nd League West"]
[Site "Kragujevac"]
[Date "2019.10.03"]
[Round "6.8"]
[White "Veselinovic, Marko"]
[Black "Jovic, Slavko"]
[Result "0-1"]
[WhiteElo "1614"]
[BlackElo "1972"]
[PlyCount "78"]
[EventDate "2019.09.06"]
[EventType "team-tourn"]
[EventRounds "11"]
[EventCountry "SRB"]
[SourceTitle "EXT 2020"]
[Source "ChessBase"]
[SourceDate "2019.10.17"]
[SourceVersion "1"]
[SourceVersionDate "2019.10.17"]
[SourceQuality "1"]
[WhiteTeam "Loznica"]
[BlackTeam "Ivanjica"]
[WhiteTeamCountry "SRB"]
[BlackTeamCountry "SRB"]

1. e4 c5 2. Nc3 Nc6 3. d3 e6 4. f4 g6 5. Nf3 Bg7 6. g3 d6 7. Bg2 Nge7 8. 0-0 0-0 9. h3 Rb8 10. Rb1 b5 11. Ne2 f5 12. exf5 Nxf5 13. g4 Nfd4 14. c3 Nxf3+ 15. Bxf3 Bd7 16. Be3 b4 17. c4 Qa5 18. Qb3 Nd4 19. Nxd4 cxd4 20. Bd2 Ba4 21. Qa3 bxa3 22. Bxa5 Bc2 23. b3 Bxb1 24. Rxb1 Rxf4 25. Kg2 Be5 26. Bd2 Rf7 27. Bh6 Bf4 28. Bxf4 Rxf4 29. Rf1 Rbf8 30. Be2 Rxf1 31. Bxf1 Rb8 32. Be2 Rxb3 33. Bd1 Rb2+ 34. Kf3 Rxa2 35. Ke4 Rb2 36. Kxd4 a2 37. Ke4 a1Q 38. Bf3 Qe1+ 39. Kf4 Qe5# 0-1

[Event "SRB-chT2 West"]
[Site "Kragujevac"]
[Date "2017.10.05"]
[Round "6.3"]
[White "Bojic, Zoran"]
[Black "Jovic, Slavko"]
[Result "0-1"]
[WhiteElo "2089"]
[BlackElo "1932"]
[PlyCount "172"]
[EventDate "2017.09.08"]
[EventType "team-tourn"]
[EventRounds "11"]
[EventCountry "SRB"]
[SourceTitle "EXT 2022"]
[Source "ChessBase"]
[SourceDate "2021.10.06"]
[SourceVersion "1"]
[SourceVersionDate "2021.10.06"]
[SourceQuality "1"]

1. e4 c5 2. Nf3 e6 3. d4 cxd4 4. Nxd4 Nf6 5. Nc3 Nc6 6. Be3 Bb4 7. f3 d5 8. Nxc6 bxc6 9. e5 Nd7 10. f4 c5 11. Bd2 a6 12. Be2 Bb7 13. Bf3 Rb8 14. a3 Bxc3 15. bxc3 Nb6 16. 0-0 0-0 17. Be3 Qc7 18. Re1 Nc4 19. Bf2 Qa5 20. Qd3 Bc6 21. f5 Rb2 22. Bg4 Bd7 23. f6 g6 24. h4 Kh8 25. h5 g5 26. h6 Rg8 27. Bh5 Be8 28. Re2 Qc7 29. Bg3 Bb5 30. a4 Bc6 31. Bf2 Be8 32. Qf3 Qb6 33. Kh2 Qc7 34. Bg3 Qa5 35. Bg4 Bd7 36. Bh5 Be8 37. Qd3 Qb6 38. Ree1 Qb7 39. Qd1 Qb6 40. Qe2 Qb7 41. Rec1 Qb8 42. Qe1 Qb6 43. Rcb1 Qb8 44. Rxb2 Qxb2 45. Rb1 Qxc2 46. Rb7 Qxa4 47. Qb1 Nxe5 48. Bd1 Qc4 49. Bxe5 Qh4+ 50. Kg1 Qe1+ 51. Kh2 Qh4+ 52. Kg1 Qe1+ 53. Kh2 Qxe5+ 54. Kg1 Qxf6 55. Bh5 g4 56. Qe1 Qf5 57. Qf1 Qxf1+ 58. Kxf1 Rf8 59. Bxg4 Bb5+ 60. Kf2 Kg8 61. Bh5 Bd3 62. Ra7 Bg6 63. Be2 Rd8 64. Rxa6 Kf8 65. Rc6 c4 66. Rc7 Bc2 67. Bh5 Bg6 68. Be2 Rb8 69. Ke3 Ke8 70. Kd4 Kd8 71. Ra7 Kc8 72. Bd1 Rb7 73. Ra8+ Kc7 74. Kc5 Kd7 75. g4 Rc7+ 76. Kd4 Kd6 77. Ba4 e5+ 78. Ke3 d4+ 79. cxd4 exd4+ 80. Kxd4 c3 81. Rd8+ Ke7 82. Re8+ Kf6 83. Bb5 c2 84. Re5 Be4 85. Kxe4 c1Q 86. g5+ Qxg5 0-1

[Event "SRB Central-ch op-B 4th"]
[Site "Paracin"]
[Date "2011.07.12"]
[Round "6"]
[White "Radovanovic, Miroljub B"]
[Black "Jovic, Slavko"]
[Result "1-0"]
[WhiteElo "2018"]
[BlackElo "1957"]
[PlyCount "120"]
[EventDate "2011.07.08"]
[EventType "swiss"]
[EventRounds "9"]
[EventCountry "SRB"]
[SourceTitle "CBM 143 Extra"]
[Source "ChessBase"]
[SourceDate "2011.08.29"]
[SourceVersion "1"]
[SourceVersionDate "2011.08.29"]
[SourceQuality "1"]

1. e4 c5 2. Nf3 e6 3. c4 Nc6 4. Nc3 e5 5. d3 d6 6. h3 Be7 7. Nd5 f5 8. Be2 Nf6 9. Nxe7 Qxe7 10. exf5 Bxf5 11. 0-0 0-0-0 12. a3 h6 13. Nh4 Bh7 14. Bg4+ Nxg4 15. Qxg4+ Kb8 16. Ng6 Bxg6 17. Qxg6 Rhf8 18. Be3 Rf6 19. Qg3 g5 20. b4 Rg6 21. Rfe1 b6 22. Rab1 Re6 23. f3 Ka8 24. b5 Nb8 25. a4 Nd7 26. a5 bxa5 27. Ra1 Nb6 28. Rxa5 Rd7 29. Rea1 Qh7 30. R1a3 Qf5 31. Ra6 Kb8 32. Qf2 Ree7 33. Bd2 Rb7 34. g4 Qg6 35. Ba5 Qf7 36. Qa2 Qxf3 37. Bxb6 Qg3+ 38. Qg2 Qxg2+ 39. Kxg2 Rxb6 40. Ra1 Rf7 41. R6a2 Rbb7 42. Rf2 Rxf2+ 43. Kxf2 Kc7 44. Ke3 Kd7 45. Rf1 Ke6 46. Rf8 Rf7 47. Rh8 e4 48. Kxe4 Rf4+ 49. Ke3 d5 50. Rxh6+ Ke5 51. cxd5 Rb4 52. d6 Rxb5 53. d7 Rb8 54. Rg6 a5 55. Rc6 Rd8 56. Rxc5+ Kf6 57. Rxa5 Rxd7 58. Rf5+ Kg6 59. d4 Ra7 60. Ke4 Ra3 1-0

[Event "SRB Central-ch op-B 4th"]
[Site "Paracin"]
[Date "2011.07.11"]
[Round "4"]
[White "Blagojevic, Tijana"]
[Black "Jovic, Slavko"]
[Result "1/2-1/2"]
[WhiteElo "1836"]
[BlackElo "1957"]
[PlyCount "46"]
[EventDate "2011.07.08"]
[EventType "swiss"]
[EventRounds "9"]
[EventCountry "SRB"]
[SourceTitle "CBM 143 Extra"]
[Source "ChessBase"]
[SourceDate "2011.08.29"]
[SourceVersion "1"]
[SourceVersionDate "2011.08.29"]
[SourceQuality "1"]

1. e4 c5 2. Nf3 e6 3. d4 cxd4 4. Nxd4 Nf6 5. Nc3 Nc6 6. Nxc6 bxc6 7. Bd3 e5 8. 0-0 Be7 9. b3 0-0 10. Qe2 d6 11. Bb2 Qc7 12. Rad1 Bg4 13. f3 Be6 14. Bc4 Bd7 15. Rd2 Nh5 16. g3 g6 17. Rfd1 Rad8 18. Na4 Bc8 19. Rd3 Ng7 20. Qd2 Ne6 21. Ba3 Bg5 22. Qf2 Be7 23. Bxd6 Bxd6 1/2-1/2

[Event "SRB Central-ch op-B 4th"]
[Site "Paracin"]
[Date "2011.07.09"]
[Round "2"]
[White "Jakovljevic, Zdravko"]
[Black "Jovic, Slavko"]
[Result "0-1"]
[WhiteElo "1672"]
[BlackElo "1957"]
[PlyCount "88"]
[EventDate "2011.07.08"]
[EventType "swiss"]
[EventRounds "9"]
[EventCountry "SRB"]
[SourceTitle "CBM 143 Extra"]
[Source "ChessBase"]
[SourceDate "2011.08.29"]
[SourceVersion "1"]
[SourceVersionDate "2011.08.29"]
[SourceQuality "1"]

1. f4 c5 2. Nf3 Nc6 3. e3 g6 4. Be2 Bg7 5. 0-0 e6 6. d4 cxd4 7. exd4 Qb6 8. c3 Nge7 9. Nbd2 d6 10. Nc4 Qc7 11. Be3 Nd5 12. Bf2 Nxf4 13. Bg3 Bh6 14. Bd3 b5 15. Na3 a6 16. Nc2 0-0 17. Nce1 Nd5 18. Qc2 Ne3 19. Qf2 Nxf1 20. Qxf1 Bb7 21. b3 Ne7 22. c4 bxc4 23. Bxc4 Nf5 24. Bf2 Ne3 25. Qd3 Nxc4 26. bxc4 Rfc8 27. c5 dxc5 28. dxc5 Rd8 29. Qc2 Rac8 30. Rb1 Bf8 31. Rc1 Bg7 32. Qb3 Bd5 33. Qa3 Qb7 34. Qa4 Bc6 35. Qc2 Be4 36. Qc4 Bb2 37. Ng5 Bxc1 38. Nxe4 Bb2 39. Bh4 Qd5 40. Qa4 Qd4+ 41. Qxd4 Rxd4 42. Nf6+ Kg7 43. Bf2 Kxf6 44. Bxd4+ Bxd4+ 0-1

[Event "SRB-ch U18"]
[Site "Kragujevac"]
[Date "2011.04.27"]
[Round "5"]
[White "Banovic, Ivan"]
[Black "Jovic, Slavko"]
[Result "1/2-1/2"]
[WhiteElo "1961"]
[BlackElo "1947"]
[PlyCount "36"]
[EventDate "2011.04.24"]
[EventType "swiss"]
[EventRounds "9"]
[EventCountry "SRB"]
[SourceTitle "CBM 142 Extra"]
[Source "ChessBase"]
[SourceDate "2011.06.27"]
[SourceVersion "1"]
[SourceVersionDate "2011.06.27"]
[SourceQuality "1"]

1. d4 Nf6 2. Nf3 g6 3. Bg5 Bg7 4. Nbd2 d6 5. e4 0-0 6. Bd3 Nbd7 7. 0-0 e5 8. dxe5 dxe5 9. h3 h6 10. Be3 c6 11. c3 Nh5 12. Nc4 Qe7 13. Bc2 b5 14. Qd6 Qxd6 15. Nxd6 Nb6 16. Bb3 Nf4 17. Bxf4 exf4 18. Nh4 Be5 1/2-1/2

[Event "SRB-ch U18"]
[Site "Kragujevac"]
[Date "2011.04.27"]
[Round "6"]
[White "Jovic, Slavko"]
[Black "Desnica, Vladan"]
[Result "0-1"]
[WhiteElo "1947"]
[BlackElo "2147"]
[PlyCount "58"]
[EventDate "2011.04.24"]
[EventType "swiss"]
[EventRounds "9"]
[EventCountry "SRB"]
[SourceTitle "CBM 142 Extra"]
[Source "ChessBase"]
[SourceDate "2011.06.27"]
[SourceVersion "1"]
[SourceVersionDate "2011.06.27"]
[SourceQuality "1"]

1. e4 e5 2. Nf3 Nc6 3. Bb5 Nf6 4. d3 Bc5 5. c3 0-0 6. 0-0 d5 7. Bg5 dxe4 8. Nxe5 Nxe5 9. d4 Bd6 10. dxe5 Bxe5 11. Qe2 c6 12. Bc4 Re8 13. Nd2 Bf5 14. Rad1 Qc7 15. h3 h6 16. Be3 Rad8 17. Bb3 b5 18. Rfe1 a6 19. Bc2 c5 20. Nb3 Bd6 21. Rd2 Bf8 22. Red1 Rxd2 23. Rxd2 Qe5 24. Qd1 Be6 25. Nc1 Nd5 26. Bb3 Nxe3 27. fxe3 c4 28. Bc2 Bc5 29. Qe1 Qg5 0-1

[Event "SRB-ch U18"]
[Site "Kragujevac"]
[Date "2011.04.25"]
[Round "2"]
[White "Jenic, Aleksandar"]
[Black "Jovic, Slavko"]
[Result "0-1"]
[WhiteElo "1867"]
[BlackElo "1947"]
[PlyCount "86"]
[EventDate "2011.04.24"]
[EventType "swiss"]
[EventRounds "9"]
[EventCountry "SRB"]
[SourceTitle "CBM 142 Extra"]
[Source "ChessBase"]
[SourceDate "2011.06.27"]
[SourceVersion "1"]
[SourceVersionDate "2011.06.27"]
[SourceQuality "1"]

1. d4 Nf6 2. Bg5 e6 3. Nf3 Be7 4. e3 b6 5. c4 Bb7 6. Nc3 0-0 7. Bd3 d6 8. Qc2 h6 9. Bxf6 Bxf6 10. 0-0 Na6 11. Be4 c6 12. Qa4 Qc8 13. Rac1 c5 14. Bxb7 Qxb7 15. Nb5 Rfd8 16. Rfd1 Nb4 17. a3 Nc6 18. b4 a6 19. Nc3 cxd4 20. exd4 Rac8 21. Ne4 Be7 22. d5 Nb8 23. Qb3 e5 24. Ng3 g6 25. Qe3 Kg7 26. h3 Nd7 27. Ne2 f5 28. Rc2 Rc7 29. Nfd4 Nf8 30. Nc6 Rdc8 31. Rdc1 Bf6 32. f4 Nd7 33. c5 bxc5 34. bxc5 Nxc5 35. fxe5 Bg5 36. Nf4 Bxf4 37. Qxf4 Nd3 38. Qd4 Nxe5 39. Nxe5 Rxc2 40. Nc4+ Kh7 41. Rxc2 Qb1+ 42. Kh2 Qxc2 43. Nxd6 Qc7 0-1

[Event "Belgrade-ch"]
[Site "Belgrade"]
[Date "2010.01.30"]
[Round "8"]
[White "Vujadinovic, Milan"]
[Black "Jovic, Slavko"]
[Result "1-0"]
[WhiteElo "2129"]
[BlackElo "1936"]
[PlyCount "79"]
[EventDate "2010.01.23"]
[EventType "swiss"]
[EventRounds "9"]
[EventCountry "YUG"]
[SourceTitle "CBM 134 Extra"]
[Source "ChessBase"]
[SourceDate "2010.03.03"]
[SourceVersion "1"]
[SourceVersionDate "2010.03.03"]
[SourceQuality "1"]

1. d4 Nf6 2. c4 d6 3. Nc3 Nbd7 4. e4 e5 5. d5 g6 6. f3 Bg7 7. Be3 0-0 8. Qd2 Nh5 9. 0-0-0 f5 10. exf5 gxf5 11. Bd3 Ndf6 12. Nge2 Bd7 13. Bg5 Kh8 14. Ng3 Qc8 15. Bc2 a6 16. Kb1 b5 17. Qd3 bxc4 18. Qxc4 Rb8 19. b3 a5 20. Qd3 a4 21. Nge2 axb3 22. Bxb3 e4 23. Qd2 e3 24. Bxe3 f4 25. Bd4 Qa6 26. Rhe1 Bf5+ 27. Ne4 Nxe4 28. Bxg7+ Nxg7 29. fxe4 Bxe4+ 30. Kb2 Ra8 31. Nd4 Bg6 32. Re7 Qa3+ 33. Ka1 Rfe8 34. Rde1 Rxe7 35. Rxe7 Qc5 36. Rxg7 Re8 37. Rxg6 hxg6 38. Ne6 Qg1+ 39. Kb2 Qxh2 40. Qd4+ 1-0

[Event "Senta op-B 13th"]
[Site "Senta"]
[Date "2009.07.24"]
[Round "8"]
[White "Jaklin, Damir"]
[Black "Jovic, Slavko"]
[Result "1/2-1/2"]
[WhiteElo "2031"]
[BlackElo "1920"]
[PlyCount "52"]
[EventDate "2009.07.18"]
[EventType "swiss"]
[EventRounds "9"]
[EventCountry "YUG"]
[SourceTitle "EXT 2012"]
[Source "ChessBase"]
[SourceDate "2011.11.24"]
[SourceVersion "1"]
[SourceVersionDate "2011.11.24"]
[SourceQuality "1"]

1. d4 Nf6 2. c4 d6 3. Nc3 Nbd7 4. e4 e5 5. d5 g6 6. f3 Bg7 7. Be3 0-0 8. Qd2 Nh5 9. Nge2 f5 10. 0-0-0 Nhf6 11. Bg5 a6 12. Kb1 Qe8 13. Ng3 f4 14. Nge2 Nc5 15. Nc1 Bd7 16. Nd3 Nxd3 17. Bxd3 b5 18. Rc1 bxc4 19. Bxc4 Qb8 20. Nd1 Kh8 21. Bh4 Rc8 22. Rc3 c5 23. dxc6 Rxc6 24. Bxf6 Bxf6 25. Bd5 Rxc3 26. Nxc3 Ra7 1/2-1/2

[Event "Senta op-B 13th"]
[Site "Senta"]
[Date "2009.07.21"]
[Round "5"]
[White "Jovic, Slavko"]
[Black "Radovanovic, Milan"]
[Result "0-1"]
[WhiteElo "1920"]
[BlackElo "2128"]
[PlyCount "104"]
[EventDate "2009.07.18"]
[EventType "swiss"]
[EventRounds "9"]
[EventCountry "YUG"]
[SourceTitle "EXT 2012"]
[Source "ChessBase"]
[SourceDate "2011.11.24"]
[SourceVersion "1"]
[SourceVersionDate "2011.11.24"]
[SourceQuality "1"]

1. e4 d6 2. d4 g6 3. c4 Bg7 4. Nc3 Nf6 5. f3 0-0 6. Be3 a6 7. Qd2 c6 8. Nge2 b5 9. Nc1 bxc4 10. Bxc4 d5 11. exd5 cxd5 12. Bd3 a5 13. 0-0 Ba6 14. Re1 e6 15. a3 Nc6 16. Bxa6 Rxa6 17. Nb3 Nd7 18. Na4 Ne7 19. Nac5 Nxc5 20. Nxc5 Ra8 21. Bg5 Re8 22. b4 axb4 23. axb4 Rxa1 24. Rxa1 Qc7 25. Bxe7 Qxe7 26. f4 h6 27. b5 Rc8 28. b6 Rxc5 29. Ra8+ Kh7 30. dxc5 Qxc5+ 31. Kh1 Qxb6 32. g3 Bd4 33. Kg2 Kg7 34. Ra3 Bf6 35. Qc2 d4 36. Rb3 Qa5 37. h4 h5 38. Kh2 e5 39. fxe5 Qxe5 40. Rb7 Bxh4 41. Qb3 Be7 42. Kh3 Qf5+ 43. Kh2 Bd6 44. Kg2 Be5 45. Qd5 h4 46. gxh4 Qc2+ 47. Kf1 Qd3+ 48. Kf2 Qe3+ 49. Kf1 Qh3+ 50. Ke2 d3+ 51. Kd1 Qf1+ 52. Kd2 Qe2+ 0-1

[Event "Senta op-B 13th"]
[Site "Senta"]
[Date "2009.07.19"]
[Round "3"]
[White "Jovic, Slavko"]
[Black "Pajzer, Istvan"]
[Result "1-0"]
[WhiteElo "1920"]
[BlackElo "2142"]
[PlyCount "115"]
[EventDate "2009.07.18"]
[EventType "swiss"]
[EventRounds "9"]
[EventCountry "YUG"]
[SourceTitle "EXT 2012"]
[Source "ChessBase"]
[SourceDate "2011.11.24"]
[SourceVersion "1"]
[SourceVersionDate "2011.11.24"]
[SourceQuality "1"]

1. e4 c5 2. Nf3 d6 3. d4 cxd4 4. c3 dxc3 5. Nxc3 e6 6. Bc4 Nc6 7. 0-0 Nf6 8. Qe2 Be7 9. Rd1 Bd7 10. Bf4 e5 11. Bg5 0-0 12. Bxf6 gxf6 13. Nd5 Kh8 14. Qd3 Bg4 15. h3 Bxf3 16. Qxf3 Rg8 17. Qh5 Rg6 18. g3 Qd7 19. Ne3 Nd4 20. Kg2 Ne6 21. Bxe6 fxe6 22. Rac1 Rag8 23. h4 Bd8 24. Rc3 Bb6 25. Rcd3 Bxe3 26. Rxe3 d5 27. Rc3 d4 28. Rc4 b5 29. Rc5 a5 30. Rdc1 Qe8 31. Qf3 a4 32. Rc7 Qd8 33. Qd3 Rg4 34. Qf3 R4g7 35. Rc8 Qxc8 36. Rxc8 Rxc8 37. Qxf6 Re8 38. Qxe5 Rd8 39. Qf6 Rdd7 40. Qf8+ Rg8 41. Qf6+ Rgg7 42. Kf1 d3 43. Ke1 d2+ 44. Kd1 Rdf7 45. Qd8+ Rg8 46. Qxd2 e5 47. Ke1 Re8 48. Qd5 Rc7 49. Kf1 b4 50. Qb5 Ree7 51. Qxb4 Rc1+ 52. Kg2 Rcc7 53. Qxa4 Kg7 54. b4 Ra7 55. Qb3 Rab7 56. b5 Rf7 57. Qe3 h6 58. Qe2 1-0

[Event "Belgrade-ch"]
[Site "Belgrade"]
[Date "2009.01.30"]
[Round "7"]
[White "Jovic, Slavko"]
[Black "Zivkovic, Dragoslav"]
[Result "1/2-1/2"]
[WhiteElo "1870"]
[BlackElo "2075"]
[PlyCount "130"]
[EventDate "2009.01.24"]
[EventType "swiss"]
[EventRounds "9"]
[EventCountry "YUG"]
[SourceTitle "CBM 128 Extra"]
[Source "ChessBase"]
[SourceDate "2009.03.05"]
[SourceVersion "2"]
[SourceVersionDate "2009.03.25"]
[SourceQuality "1"]

1. e4 e6 2. d4 d5 3. Nc3 dxe4 4. Nxe4 Nd7 5. Nf3 Ngf6 6. Bg5 Be7 7. Bxf6 Nxf6 8. Bd3 0-0 9. 0-0 h6 10. Nxf6+ Bxf6 11. Qe2 g6 12. c3 c6 13. Ne5 Bg7 14. Rfe1 Qc7 15. Qg4 Bd7 16. Re3 Be8 17. Rae1 f5 18. Qe2 b5 19. Bc2 Rf6 20. Bb3 Qd6 21. Nd3 Bf7 22. Bxe6 Rf8 23. Bxf7+ R8xf7 24. Re6 Qd5 25. Nb4 Qd7 26. Rxf6 Bxf6 27. Qe8+ Qxe8 28. Rxe8+ Kg7 29. Nxc6 Rc7 30. Ne5 b4 31. c4 Bxe5 32. Rxe5 Rxc4 33. g3 Rxd4 34. Re7+ Kf6 35. Rxa7 Rd2 36. b3 g5 37. Ra4 g4 38. Rxb4 Rxa2 39. Rb5 h5 40. b4 Rb2 41. Kg2 Kg6 42. Rb8 Rb1 43. b5 Kg7 44. b6 Kh7 45. Rb7+ Kg6 46. Rb8 Kg7 47. b7 Kh7 48. Rf8 Rxb7 49. Rxf5 Kg6 50. Rf8 Rb1 51. h3 Ra1 52. Rg8+ Kh7 53. Rf8 Kg6 54. Rf4 Kg5 55. Rf8 Kg6 56. hxg4 hxg4 57. Rh8 Kf5 58. Rh1 Ra2 59. Re1 Rb2 60. Kf1 Ra2 61. Rd1 Rb2 62. Ke1 Ke4 63. Rd2 Rb1+ 64. Ke2 Ra1 65. Rb2 Ra4 1/2-1/2

[Event "Belgrade Trophy 21st"]
[Site "Obrenovac"]
[Date "2008.12.03"]
[Round "7"]
[White "Jovic, Slavko"]
[Black "Dunjic, Dragan"]
[Result "1/2-1/2"]
[WhiteElo "1854"]
[BlackElo "2014"]
[PlyCount "112"]
[EventDate "2008.11.27"]
[EventType "swiss"]
[EventRounds "9"]
[EventCountry "YUG"]
[SourceTitle "CBM 127 Extra"]
[Source "ChessBase"]
[SourceDate "2009.01.08"]
[SourceVersion "2"]
[SourceVersionDate "2009.01.28"]
[SourceQuality "1"]

1. e4 c6 2. d4 d5 3. f3 Nf6 4. e5 Nfd7 5. f4 c5 6. Nf3 Nc6 7. Nc3 e6 8. Be3 cxd4 9. Nxd4 Bb4 10. a3 Bxc3+ 11. bxc3 a6 12. Be2 Qa5 13. Qd2 Nc5 14. Nb3 Nxb3 15. cxb3 0-0 16. 0-0 Rd8 17. b4 Qc7 18. Qc2 b6 19. Bd3 g6 20. Qf2 Rb8 21. Rac1 Qb7 22. Qh4 Qe7 23. Qf2 Qb7 24. Qh4 Rf8 25. Rf3 Qe7 26. Qf2 Qd8 27. g4 f6 28. Bd4 fxe5 29. fxe5 Bb7 30. Rf1 Rxf3 31. Qxf3 Qe7 32. Qf6 Qxf6 33. exf6 Nxd4 34. cxd4 Re8 35. Kf2 Bc8 36. Ke3 Bd7 37. Rf2 Ra8 38. Rc2 Ra7 39. Rb2 Ba4 40. Bc2 Bb5 41. Bd3 Bc4 42. a4 b5 43. a5 Kf7 44. g5 Bxd3 45. Kxd3 Rc7 46. h4 Ke8 47. Rf2 Rc4 48. Rc2 Kd7 49. Rf2 Ke8 50. Rc2 Kd8 51. Rb2 Rc1 52. Rc2 Rf1 53. Ke2 Rf4 54. Rc6 Rxd4 55. Rxe6 Kd7 56. Rxa6 Rxh4 1/2-1/2

[Event "Belgrade Trophy 21st"]
[Site "Obrenovac"]
[Date "2008.12.01"]
[Round "5"]
[White "Jovic, Slavko"]
[Black "Ugrenovic, Bozidar"]
[Result "0-1"]
[WhiteElo "1854"]
[BlackElo "2100"]
[PlyCount "86"]
[EventDate "2008.11.27"]
[EventType "swiss"]
[EventRounds "9"]
[EventCountry "YUG"]
[SourceTitle "CBM 127 Extra"]
[Source "ChessBase"]
[SourceDate "2009.01.08"]
[SourceVersion "2"]
[SourceVersionDate "2009.01.28"]
[SourceQuality "1"]

1. e4 c5 2. d4 cxd4 3. c3 Nf6 4. e5 Nd5 5. Nf3 d6 6. exd6 e6 7. cxd4 Bxd6 8. Nc3 Nf6 9. Bg5 0-0 10. Bd3 Nc6 11. 0-0 Be7 12. h3 Nb4 13. Bc4 b6 14. a3 Nbd5 15. Nxd5 exd5 16. Bd3 Ne4 17. Bxe7 Qxe7 18. Re1 Bf5 19. Rc1 Qf6 20. Bb1 Rac8 21. Qe2 a5 22. Qe3 h6 23. Rxc8 Rxc8 24. Rc1 Rxc1+ 25. Qxc1 Bxh3 26. Qe3 Bf5 27. Nd2 Qg5 28. Qxg5 hxg5 29. Nf3 f6 30. Nh2 Kf7 31. Ba2 Ke6 32. Kf1 g4 33. g3 Nd2+ 34. Ke2 Nc4 35. Bxc4 dxc4 36. Ke3 b5 37. Nf1 b4 38. axb4 axb4 39. Nd2 Kd5 40. Kf4 g6 41. Ke3 Bc2 42. f3 gxf3 43. Nxf3 Bf5 0-1

[Event "Belgrade Trophy 21st"]
[Site "Obrenovac"]
[Date "2008.11.28"]
[Round "2"]
[White "Mikicic, Dusan"]
[Black "Jovic, Slavko"]
[Result "1-0"]
[WhiteElo "2197"]
[BlackElo "1854"]
[PlyCount "101"]
[EventDate "2008.11.27"]
[EventType "swiss"]
[EventRounds "9"]
[EventCountry "YUG"]
[SourceTitle "CBM 127 Extra"]
[Source "ChessBase"]
[SourceDate "2009.01.08"]
[SourceVersion "2"]
[SourceVersionDate "2009.01.28"]
[SourceQuality "1"]

1. e4 c5 2. Nf3 e6 3. b3 Nf6 4. Nc3 Nc6 5. Bb2 d5 6. e5 Nd7 7. Bb5 Qc7 8. Bxc6 bxc6 9. Qe2 Be7 10. 0-0 a5 11. Rfe1 Ba6 12. d3 0-0 13. Nd2 Bg5 14. Rad1 Rae8 15. g3 g6 16. f4 Bh6 17. Nf3 f6 18. exf6 Nxf6 19. Ne5 Nd7 20. Na4 Nxe5 21. Bxe5 Qe7 22. c4 Bg7 23. Bxg7 Kxg7 24. Qe3 Rf5 25. Nxc5 Bc8 26. d4 Kg8 27. h4 h6 28. Rf1 g5 29. fxg5 hxg5 30. hxg5 Qxg5 31. Qxg5+ Rxg5 32. Kg2 e5 33. Rde1 Kg7 34. cxd5 cxd5 35. Rxe5 Rgxe5 36. dxe5 Rxe5 37. Nd3 Re3 38. Rf3 Re2+ 39. Rf2 Re3 40. Rd2 Bb7 41. Kf2 Re7 42. Nc5 Bc6 43. Re2 Rf7+ 44. Ke3 Rf6 45. Kd4 Kf7 46. Nd3 Kg7 47. Nf4 Rf5 48. Re7+ Kg8 49. Re6 Bb7 50. Re5 Rg5 51. Rxg5+ 1-0

[Event "Belgrade Trophy 21st"]
[Site "Obrenovac"]
[Date "2008.11.27"]
[Round "1"]
[White "Jovic, Slavko"]
[Black "Vujadinovic, Milan"]
[Result "1/2-1/2"]
[WhiteElo "1854"]
[BlackElo "2204"]
[PlyCount "85"]
[EventDate "2008.11.27"]
[EventType "swiss"]
[EventRounds "9"]
[EventCountry "YUG"]
[SourceTitle "CBM 127 Extra"]
[Source "ChessBase"]
[SourceDate "2009.01.08"]
[SourceVersion "2"]
[SourceVersionDate "2009.01.28"]
[SourceQuality "1"]

1. e4 g6 2. d4 Bg7 3. f4 d6 4. Nc3 e6 5. Nf3 Ne7 6. Be3 b6 7. Bd3 Bb7 8. Qd2 Nd7 9. 0-0 d5 10. e5 a6 11. Ne2 c5 12. c3 h5 13. Bf2 Nf5 14. Qe1 Bf8 15. Ng3 Be7 16. Nxf5 gxf5 17. Bh4 a5 18. Bxe7 Qxe7 19. Qh4 Qxh4 20. Nxh4 Ba6 21. Bxa6 Rxa6 22. a4 Ke7 23. Nf3 Ra7 24. Rfc1 c4 25. Kf2 Rb7 26. Rcb1 b5 27. b4 bxa4 28. Rxa4 axb4 29. Raxb4 Rxb4 30. cxb4 Ra8 31. b5 Nb6 32. Kg3 Ra2 33. Ne1 Rd2 34. Nf3 Re2 35. Ne1 c3 36. Kf3 Rb2 37. Rc1 Rb3 38. Ke2 Nc4 39. Kd3 c2+ 40. Kxc2 Rxb5 41. Kd3 Rb2 42. Rc2 Rb1 43. Ke2 1/2-1/2